Les Numéros 10 de l'équipe de France de foot en Coupe du Monde - Statistiques

Statistiques générales
  • Ce quiz a été pris 409 fois
  • Le résultat moyen est 4 sur 8
Statistiques - réponses
Réponse % Correct
Zinedine Zidane
99%
Michel Platini
95%
Kylian Mbappé
92%
Karim Benzema
74%
Sidney Govou
20%
Jean-Marc Guillou
4%
Robert Jonquet
4%
Hector De Bourgoing
1%
Aucun quiz correspondant
Distribution des résultats
% des personnes avec chaque résultat
Percentile par nombre de réponses
Votre historique - résultats
Vous n’avez pas pris ce quiz